00246nam a2200109Ia 4500100003200000654001100032245003200043260003000075082001100105300000800116546001200124 aJefferson/ T.B./ Woods/ G.  aMetals aMetals and how to weld them bJames LincolnaOhioc1981 a671.52 a392 aENGLISH